[Event "Rheinhausen-ch 12th"]
[Site "Duisburg Rheinhausen"]
[Date "2008.02.15"]
[Round "5"]
[White "Kuehn, Reiner"]
[Black "Kerkhoff, Johannes"]
[Result "1-0"]
[WhiteElo "1621"]
[BlackElo "1519"]
[PlyCount "31"]
[EventDate "2008.01.11"]
[EventType "swiss"]
[EventRounds "7"]
[EventCountry "GER"]
[SourceTitle "EXT 2018"]
[Source "ChessBase"]
[SourceDate "2017.10.13"]
[SourceVersion "1"]
[SourceVersionDate "2017.10.13"]
[SourceQuality "1"]

1. d4 d5 2. c4 e6 3. Nc3 c6 4. e4 dxc4 5. Bxc4 h6 6. Nf3 Bd6 7. 0-0 Ne7 8. Re1 a6 9. d5 e5 10. Be3 Ng6 11. Qd2 0-0 12. dxc6 Nxc6 13. Rad1 Bc7 14. Qc1 Qe8 15. Bxh6 gxh6 16. Qxh6 1-0

[Event "Rheinhausen-ch 12th"]
[Site "Duisburg Rheinhausen"]
[Date "2008.02.08"]
[Round "4"]
[White "Schumacher, Peter"]
[Black "Kuehn, Reiner"]
[Result "1/2-1/2"]
[WhiteElo "1508"]
[BlackElo "1621"]
[PlyCount "74"]
[EventDate "2008.01.11"]
[EventType "swiss"]
[EventRounds "7"]
[EventCountry "GER"]
[SourceTitle "EXT 2018"]
[Source "ChessBase"]
[SourceDate "2017.10.13"]
[SourceVersion "1"]
[SourceVersionDate "2017.10.13"]
[SourceQuality "1"]

1. d4 d5 2. Nf3 Nf6 3. e3 Bf5 4. c4 c6 5. Qb3 Qb6 6. Qxb6 axb6 7. Nc3 e6 8. cxd5 exd5 9. Nh4 Be6 10. Bd3 g6 11. 0-0 Bg7 12. b4 0-0 13. Bb2 b5 14. Nf3 Nbd7 15. Nd2 Nb6 16. Bc2 Ra7 17. a4 bxa4 18. Nxa4 Nxa4 19. Bxa4 Rfa8 20. Bb3 Rxa1 21. Rxa1 Rxa1+ 22. Bxa1 Bf8 23. Bc3 Bf5 24. Ba4 b5 25. Bd1 Bd3 26. f3 Ne8 27. Kf2 Nc7 28. Nb3 Na6 29. Nc5 Nxc5 30. dxc5 f5 31. f4 Kf7 32. g4 Be7 33. g5 Ke6 34. Bb3 Bc4 35. Bc2 Kf7 36. Kf3 Ke6 37. Bd4 Kf7 1/2-1/2

[Event "Rheinhausen-ch 12th"]
[Site "Duisburg Rheinhausen"]
[Date "2008.01.11"]
[Round "1"]
[White "Kuehn, Reiner"]
[Black "Proettel, Swen"]
[Result "0-1"]
[WhiteElo "1621"]
[BlackElo "2115"]
[PlyCount "74"]
[EventDate "2008.01.11"]
[EventType "swiss"]
[EventRounds "7"]
[EventCountry "GER"]
[SourceTitle "EXT 2018"]
[Source "ChessBase"]
[SourceDate "2017.10.13"]
[SourceVersion "1"]
[SourceVersionDate "2017.10.13"]
[SourceQuality "1"]

1. d4 g6 2. e4 Bg7 3. Nf3 d6 4. c4 Bg4 5. Be2 Nc6 6. Be3 e5 7. d5 Nce7 8. Nfd2 Bc8 9. c5 f5 10. f3 Bh6 11. Bf2 Nf6 12. Nc3 0-0 13. 0-0 Rf7 14. Nc4 Ne8 15. Qc2 g5 16. Rad1 Ng6 17. Bd3 f4 18. Be2 Bf8 19. b4 h5 20. Kh1 g4 21. Bg1 Qg5 22. Rd2 Rg7 23. Bd1 Bd7 24. Na5 b6 25. c6 Bc8 26. Nb3 Nf6 27. b5 h4 28. fxg4 Bxg4 29. Bf3 Nh5 30. Bf2 Bxf3 31. gxf3 Ng3+ 32. Bxg3 hxg3 33. Rg2 Nh4 34. hxg3 Nxg2 35. Qxg2 Rh7+ 36. Kg1 fxg3 37. Ne2 Qe3+ 0-1

[Event "Duisburg SBDU-ch"]
[Site "Duisburg Rheinhausen"]
[Date "2007.09.21"]
[Round "2"]
[White "Heinert, Eugen"]
[Black "Kuehn, Reiner"]
[Result "1-0"]
[WhiteElo "2086"]
[BlackElo "1674"]
[PlyCount "71"]
[EventDate "2007.09.07"]
[EventType "swiss"]
[EventRounds "7"]
[EventCountry "GER"]
[SourceTitle "EXT 2018"]
[Source "ChessBase"]
[SourceDate "2017.10.13"]
[SourceVersion "1"]
[SourceVersionDate "2017.10.13"]
[SourceQuality "1"]

1. c4 c6 2. d4 d5 3. Nf3 Nf6 4. e3 Bf5 5. cxd5 cxd5 6. Nc3 e6 7. Ne5 a6 8. g4 Bg6 9. h4 h6 10. Nxg6 fxg6 11. Bd3 Bd6 12. Bxg6+ Ke7 13. e4 dxe4 14. Nxe4 Bb4+ 15. Kf1 Qd5 16. Qf3 Rf8 17. g5 Nxe4 18. Qxe4 hxg5 19. hxg5 Nc6 20. Qxd5 exd5 21. Be3 Rh8 22. Ke2 Ke6 23. a3 Ne7 24. Bd3 Bd6 25. Rag1 Nf5 26. g6 Nxe3 27. fxe3 Be7 28. Rh7 Rhg8 29. e4 dxe4 30. Bc4+ Kf6 31. Rh2 Bd6 32. Rf2+ Ke7 33. Bxg8 Rxg8 34. Rf7+ Ke6 35. Rg5 b5 36. d5# 1-0